Urban economics and real estate theory and policy

Saved in:
Bibliographic Details
Main Author: McDonald, John F.
Other Authors: McMillen, Daniel P.
Format: Book
Language:English
Published: Hoboken John Wiley & Sons. 2011
Edition:2nd ed.
Subjects:
Tags: Add Tag
No Tags, Be the first to tag this record!

MARC

LEADER 00000nam a2200000 4500
001 0117942
005 20240226124434.8
020 |a 978-0-470-59148-2 
041 0 |a eng 
044 |a US 
245 1 0 |a Urban economics and real estate  |b theory and policy  |c John F. McDonald, Daniel P. McMillen 
250 |a 2nd ed. 
264 1 |a Hoboken  |b John Wiley & Sons.  |c 2011 
300 |a 551 s. 
610 2 0 |a veda ekonomická 
610 2 0 |a teórie ekonomické 
610 2 0 |a politika 
610 2 0 |a nehnuteľnosti 
610 2 0 |a urbanizácia 
610 2 0 |a politika bytová 
610 2 0 |a obchod s nehnuteľnosťami 
610 2 0 |a problémy spoločenské 
610 2 0 |a politika sociálna 
610 2 0 |a modely ekonometrické 
100 1 |a McDonald, John F. 
700 1 |a McMillen, Daniel P.